| 000 -LEADER |
| fixed length control field |
02137cam a22004337i 4500 |
| 001 - CONTROL NUMBER |
| control field |
22879554 |
| 003 - CONTROL NUMBER IDENTIFIER |
| control field |
OSt |
| 005 - DATE AND TIME OF LATEST TRANSACTION |
| control field |
20230214083153.0 |
| 006 - FIXED-LENGTH DATA ELEMENTS--ADDITIONAL MATERIAL CHARACTERISTICS |
| fixed length control field |
m o d |
| 007 - PHYSICAL DESCRIPTION FIXED FIELD--GENERAL INFORMATION |
| fixed length control field |
cr cnu|||unuuu |
| 008 - FIXED-LENGTH DATA ELEMENTS--GENERAL INFORMATION |
| fixed length control field |
161109s2016 ctua jo 000 0 eng d |
| 010 ## - LIBRARY OF CONGRESS CONTROL NUMBER |
| LC control number |
2021763319 |
| 020 ## - INTERNATIONAL STANDARD BOOK NUMBER |
| International Standard Book Number |
9781630762247 |
| 035 ## - SYSTEM CONTROL NUMBER |
| System control number |
(OCoLC)962303443 |
| 037 ## - SOURCE OF ACQUISITION |
| Stock number |
D10F6FCF-EC5F-4A31-B86C-9DED78577615 |
| Source of stock number/acquisition |
OverDrive, Inc. |
| Note |
http://www.overdrive.com |
| 040 ## - CATALOGING SOURCE |
| Original cataloging agency |
N$T |
| Language of cataloging |
eng |
| Description conventions |
rda |
| -- |
pn |
| Transcribing agency |
N$T |
| Modifying agency |
IDEBK |
| -- |
EBLCP |
| -- |
N$T |
| -- |
OCLCF |
| -- |
OCLCQ |
| -- |
TEFOD |
| -- |
OCLCQ |
| -- |
UKAHL |
| -- |
OCLCQ |
| -- |
OCLCO |
| -- |
DLC |
| -- |
KH8 |
| 042 ## - AUTHENTICATION CODE |
| Authentication code |
lccopycat |
| 050 00 - LIBRARY OF CONGRESS CALL NUMBER |
| Classification number |
QL754 |
| 082 04 - DEWEY DECIMAL CLASSIFICATION NUMBER |
| Classification number |
591.568 BOV |
| Edition number |
23 |
| 100 1# - MAIN ENTRY--PERSONAL NAME |
| Personal name |
Bové, Jennifer, |
| Dates associated with a name |
1973- |
| Relator term |
author. |
| 245 10 - TITLE STATEMENT |
| Title |
Animal homes / |
| Statement of responsibility, etc. |
Jennifer Bové. |
| 264 #1 - PRODUCTION, PUBLICATION, DISTRIBUTION, MANUFACTURE, AND COPYRIGHT NOTICE |
| Place of production, publication, distribution, manufacture |
Guilford, Connecticut : |
| Name of producer, publisher, distributor, manufacturer |
Muddy Boots, |
| Date of production, publication, distribution, manufacture, or copyright notice |
2017. |
| 264 #4 - PRODUCTION, PUBLICATION, DISTRIBUTION, MANUFACTURE, AND COPYRIGHT NOTICE |
| Date of production, publication, distribution, manufacture, or copyright notice |
©2017 |
| 300 ## - PHYSICAL DESCRIPTION |
| Extent |
30 pages : |
| Other physical details |
color illustrations ; |
| Dimensions |
21 cm |
| 336 ## - CONTENT TYPE |
| Content type term |
text |
| Content type code |
txt |
| Source |
rdacontent |
| 337 ## - MEDIA TYPE |
| Media type term |
computer |
| Media type code |
c |
| Source |
rdamedia |
| 338 ## - CARRIER TYPE |
| Carrier type term |
online resource |
| Carrier type code |
cr |
| Source |
rdacarrier |
| 505 0# - FORMATTED CONTENTS NOTE |
| Formatted contents note |
Ranger Rick Animal Homes; Contents; DENS; NESTS; BURROWS; TREE HOLES; SHELLS; CORAL REEFS; LODGES |
| 520 ## - SUMMARY, ETC. |
| Summary, etc. |
With adorable full-color photographs throughout and simple activities to be enjoyed with Mom or Dad's guidance, Ranger Rick Jr. books are perfect for young children starting to learn about the world around them. These small books are a great way to start your child's first library! Animal Homes will explore the many habitats of North American animals! Through full color photographs and illustrations, and educational, entertaining text, this book shows that. just like us, all sorts of animals have their own ways of building homes! |
| 588 0# - SOURCE OF DESCRIPTION NOTE |
| Source of description note |
Vendor-supplied metadata. |
| 650 #0 - SUBJECT ADDED ENTRY--TOPICAL TERM |
| Topical term or geographic name entry element |
Animals |
| General subdivision |
Habitations |
| Form subdivision |
Juvenile literature. |
| 650 #6 - SUBJECT ADDED ENTRY--TOPICAL TERM |
| Topical term or geographic name entry element |
Animaux |
| General subdivision |
Habitations |
| Form subdivision |
Ouvrages pour la jeunesse. |
| 650 #7 - SUBJECT ADDED ENTRY--TOPICAL TERM |
| Topical term or geographic name entry element |
JUVENILE NONFICTION |
| General subdivision |
Science & Nature |
| -- |
Zoology. |
| Source of heading or term |
bisacsh |
| 650 #7 - SUBJECT ADDED ENTRY--TOPICAL TERM |
| Topical term or geographic name entry element |
Animals |
| General subdivision |
Habitations. |
| Source of heading or term |
fast |
| Authority record control number or standard number |
(OCoLC)fst00809503 |
| 655 #7 - INDEX TERM--GENRE/FORM |
| Genre/form data or focus term |
Juvenile works. |
| Source of term |
fast |
| Authority record control number or standard number |
(OCoLC)fst01411637 |
| 906 ## - LOCAL DATA ELEMENT F, LDF (RLIN) |
| a |
7 |
| b |
cbc |
| c |
copycat |
| d |
1 |
| e |
ecip |
| f |
20 |
| g |
y-gencatlg |
| 942 ## - ADDED ENTRY ELEMENTS (KOHA) |
| Source of classification or shelving scheme |
|
| Koha item type |
Books - Non Ficton |